000 01122cam a2200313 i 4500
005 20180312144706.0
008 150930s2014 xxuabdofr 001 0 eng
010 _a 2012946171
020 _a9781285070278
020 _a1285070275
035 _a(OCoLC)853286887
_z(OCoLC)824353565
040 _aCO-BoUCM
_bspa
_cJose A. Gerena
_dJose A. Gerena
041 0 _aeng
060 _aWM 270
100 1 _aAbadinsky, Howard
_971810
240 1 0 _aDrug abuse
245 1 0 _aDrug use and abuse
_ba comprehensive introduction
_cHoward Abadinsky
250 _a8th ed
260 _aBelmont (California, Estados Unidos)
_bCengage Learning
_bWadsworth
_c2014
300 _axv, 399 páginas
_bilustraciones, mapas, cuadros, gráficas, fotografías
504 _aIncluye referencias bibliográficas e índices
650 7 _aAbuso de drogas
_98283
650 7 _aEstupefacientes
_915204
650 2 _aTrastornos Relacionados con Sustancias
_971811
651 4 _aEstados Unidos
_xCondiciones sociales
_944045
690 _942903
_aPsiquiatría
942 _2NLM
_a15
_cLIBRO
_e8
_hWM 270
_mA116
_n0
999 _c300190
_d300190